3 songs for mezzo soprano or high baritone : (nr. 3 with orchestral accomp.) : vocal scor. /

Hlavní autor: Smyth, Ethel, 1858-1944
Další autoři: Hoffmann, Rudolf Stephan, 1878-1931
Jazyk: Němčina
Vydáno: Wien : Universal-Edition, 1913
Edice: Universal-Edition
Fyzický popis: 1 partitura (23 s.)
Hudebniny Hudebniny
Uloženo v:
LEADER 00939ncm a22002532a 4500
001 001258379
003 CZ BrMZK
005 20140220134120.0
007 qu
008 121017s1913 au |||||||||||||||||ger d
040 |a BOA001  |b cze 
072 7 |a 784  |x Vokální hudba  |2 Konspekt  |9 9 
100 1 |a Smyth, Ethel,  |d 1858-1944  |7 ola2002142451  |4 cmp 
245 1 0 |a 3 songs  |h [hudebnina] :  |b for mezzo soprano or high baritone : (nr. 3 with orchestral accomp.) : vocal scor. /  |c Ethel Smyth ; German translation by R.St. Hoffmann 
260 |a Wien :  |b Universal-Edition,  |c 1913 
300 |a 1 partitura (23 s.) 
490 1 |a Universal-Edition ;  |v Nr. 3590 
500 |a Zpěv a klavír 
700 1 |a Hoffmann, Rudolf Stephan,  |d 1878-1931  |7 xx0098837  |4 trl 
830 0 |a Universal-Edition 
910 |a BOA001  |b Mus4-0570.424 
990 |a MU 
991 |b 201210 
996 6 |b 2619104627  |c Mus4-0570.424  |l MZK  |r Sklad / do 1 hodiny  |n 0  |w 001292303  |u 000010  |a 1  |e BOA001  |j MZK50  |s P